MARC

LEADER 00000cam a2200000 7i4500
001 0000002638
005 20030902.0
020 0 0 |a 925103063X 
090 0 0 |a FAO633.88   |b MED 1997 
245 0 0 |a MEDICINAL plants for forest conservation and health care 
260 0 0 |a Rome :   |b Food and Agriculture Organization of the United Nations ,   |c 1997 
300 |a 158 p. :   |b ill. ;   |c 30 cm. 
440 0 0 |a Non-wood forest products; 11 
500 0 0 |a Includes bibliographical references 
650 0 0 |a Botanical drug industry 
650 0 0 |a Forest conservation 
650 0 0 |a Forest plants 
650 0 0 |a Materia medica, Vegetable 
650 0 0 |a Medicinal plants 
650 0 0 |a Non-timber forest resources 
650 0 0 |a Traditional medicine 
710 1 1 |a Food and Agriculture Organization of the United Nations 
710 1 1 |a Global Initiative for Traditional Systems (GIFTS) of Health 
998 |a JPSM 
999 |a 0000005025   |b Monograph   |c Food and Agriculture Organization   |e Default branch